000 00531nam a2200181Ia 4500
008 240729s9999 xx 000 0 und d
022 _a2248-2695
245 0 _aScientific Annals of Computer Science
260 _aRomania
260 _bAlexandru Ioan Cuza University of Iasi
650 _a Electronic computers. Computer science
650 _a Instruments and machines
650 _a Mathematics
650 _aScience
856 _uhttps://doaj.org/toc/c4820c047e51423da79e1467e43c54a7
942 _2ddc
942 _cDOAJEJ
999 _c75065
_d75065
945 _a1
_bMadushi Gamage
_c1
_dMadushi Gamage